000 00535nam a2200181 i 4500
001 94677
003 ES-MaACL
005 20230906181530.0
007 t|
008 050511s1963 sp ||||1| spa d
100 1 _aLozano Guirao, Pilar.
_974447
245 1 0 _aVida y obras de Ricardo de la Vega /
_cPilar Lozano Guirao.
260 _aMurcia :
_bSuc.de Nogués,
_c1963.
300 _a350 p., 3 h., 1 lám.(1) ;
_c24 cm.
500 _a(1) Ret. Biog.
700 1 _aVega, Ricardo de la.
_9113583
852 _aES-MaACL
_jC-30207
_bR.60628
999 _c94677
_d94677